| 000 | 00626cam a2200169 4500 | ||
|---|---|---|---|
| 082 | 0 | 0 |
_a973.9 _bRIE |
| 100 | 1 |
_aRiesman, David, _950654 |
|
| 245 | 1 | 4 |
_aThe lonely crowd; _ba study of the changing American character, _cby David Riesman in collaboration with Reuel Denney and Nathan Glazer. |
| 260 |
_aNew Haven, _bYale University Press, _c1950. |
||
| 300 |
_axvii, 386 p. _c24 cm. |
||
| 490 | 1 | _aStudies in national policy, 3 | |
| 526 |
_a0 _b0 _c0 _d973_900000000000000_RIE |
||
| 650 | 0 |
_aEthnopsychology _zUnited States. _950655 |
|
| 650 | 0 |
_aMCE _9379 |
|
| 650 | 0 |
_aNational characteristics, American. _98029 |
|
| 942 |
_2ddc _cBK |
||
| 999 |
_c553413 _d553413 |
||